Clubs amateurs ayant atteint les quarts de finale en Coupe de France - Statistiques

Statistiques générales
  • Ce quiz a été pris 27 fois
  • Le résultat moyen est 10 sur 27
Statistiques - réponses
Année / Division / Région Club % Correct
2000 / CFA / Nord-Pas-de-Calais Calais
75%
2006 / CFA / Nord-Pas-de-Calais Calais
75%
2010 / CFA / Haute-Normandie Quevilly
67%
2025 / National 2 / Bretagne Stade Briochin
63%
2014 / CFA / Provence-Alpes-Côte d'Azur Cannes
54%
2025 / National 2 / Provence-Alpes-Côte d'Azur Cannes
54%
2022 / National 2 / Aquitaine Bergerac
46%
1997 / National 2 / Auvergne Clermont Foot
46%
2008 / CFA 2 / Pays de la Loire Carquefou
42%
2024 / National 2 / Auvergne Le Puy-en-Velay
42%
1999 / CFA / Haute-Normandie Rouen
42%
2022 / National 2 / Ile-de-France Versailles
42%
1998 / CFA / Rhône-Alpes Bourg-Péronnas
38%
2011 / CFA 2 / Rhône-Alpes Chambéry
33%
2020 / National 2 / Lorraine Epinal
33%
2020 / National 2 / Franche-Comté Belfort
29%
2015 / CFA / Bretagne Concarneau
29%
2021 / National 2 / Rhône-Alpes GFA Rumilly-Vallières
29%
2003 / CFA 2 / Alsace Schiltigheim
29%
2004 / CFA / Limousin Brive
25%
2002 / CFA / Aquitaine Libourne
25%
2007 / CFA / Bourgogne Montceau-les-Mines
25%
2005 / CFA / Nord-Pas-de-Calais Boulogne-sur-Mer
21%
2016 / CFA 2 / Basse-Normandie Granville
21%
2014 / CFA / Auvergne Moulins
21%
2017 / CFA / Provence-Alpes-Côte d'Azur Fréjus
13%
2019 / National 2 / Bretagne Vitré
13%
Aucun quiz correspondant
Distribution des résultats
% des personnes avec chaque résultat
Percentile par nombre de réponses
Votre historique - résultats
Vous n’avez pas pris ce quiz